|
|
|
|
| LEADER |
00593cam a2200193 7i4500 |
| 001 |
0000007396 |
| 005 |
20220119090000.0 |
| 020 |
0 |
0 |
|a 0471331678
|
| 090 |
0 |
0 |
|a B 658.812
|b HEI
|
| 100 |
1 |
0 |
|a Heil
|
| 245 |
1 |
0 |
|a One size fits one :
|b building relationships one customer and one employee at a time.
|
| 250 |
0 |
0 |
|a 2nd ed..
|
| 260 |
0 |
0 |
|a Canada:
|b John Wiley & Sons,
|c 1999.
|
| 300 |
# |
# |
|a 321 p.
|
| 650 |
0 |
0 |
|a Consumer satisfaction
|
| 650 |
0 |
0 |
|a Customer relations
|
| 700 |
1 |
1 |
|a Parker,
|h Tom
|
| 700 |
1 |
1 |
|a Stephen,
|h Deborah C (Deborah Collins)
|
| 999 |
|
|
|a B000010874
|b Book
|c Book
|e Business Information Centre
|